| 000 | 00725nam a22002057a 4500 | ||
|---|---|---|---|
| 005 | 20120719120215.0 | ||
| 010 | _aG-002038 | ||
| 020 |
_a9780330511155 _c495.00 |
||
| 035 | _aG-002038 | ||
| 037 |
_adpl _bGift |
||
| 082 | _a921 | ||
| 100 |
_aTaseer, Aatish. _950566 |
||
| 245 |
_aStranger to History; _ba son's Journey through Islamic lands/ _cby Aatish Taseer |
||
| 260 |
_aLondon _bPan Macmillan Ltd. _c2009 |
||
| 270 |
_a20 New Wharf Road, _bLondon |
||
| 300 |
_a323p _c22cm. |
||
| 942 |
_2ddc _cEN _h921 _kTAS |
||
| 999 |
_c68474 _d68474 |
||